Currency Quiz - Statistics

General Stats
  • This quiz has been taken 48 times
  • The average score is 12 of 14
Answer Stats
Currency Answer % Correct
Canadian Dollar Canada
100%
Yen Japan
98%
Pound Sterling United Kingdom
98%
American Dollar USA
95%
Yuan China
93%
Rupee India
93%
Peso Mexico
93%
Ruble Russia
93%
Won South Korea
82%
Rand South Africa
80%
Real Brazil
73%
Lira Turkey
70%
Quetzal Guatemala
50%
Dinar Iraq
48%
No matching quizzes found
Score Distribution
Percent of People with Each Score
Percentile by Number Answered
Your Score History
You have not taken this quiz